LEADER 01920nam1 22005173i 450 001 SUN0096530 005 20151104124331.500 010 $d0.00 100 $a20140123g19291939 |0itac50 ba 101 $aita 102 $aIT 105 $a|||| ||||| 200 1 $aLe *opere$fdi Galileo Galilei 205 $aRistampa dell'edizione nazionale$fsotto l'alto patronato di S.M. il Re d'Italia e di S.E. Benito Mussolini 210 $aFirenze$cBarbera$d1929-1939 215 $a20 volumi$d30 cm 463 \1$1001SUN0096531$12001 $aLe *opere 13 463 \1$1001SUN0096532$12001 $aLe *opere 11 463 \1$1001SUN0096533$12001 $aLe *opere 18 463 \1$1001SUN0096534$12001 $aLe *opere 17 463 \1$1001SUN0096535$12001 $aLe *opere 16 463 \1$1001SUN0101104$12001 $aLe *opere 12 463 \1$1001SUN0101105$12001 $aLe *opere 8 463 \1$1001SUN0102964$12001 $aLe *opere 10 463 \1$1001SUN0102965$12001 $aLe *opere 9 463 \1$1001SUN0102967$12001 $aLe *opere 14 463 \1$1001SUN0102969$12001 $aLe *opere 2 463 \1$1001SUN0102970$12001 $aLe *opere 4 463 \1$1001SUN0102972$12001 $aLe *opere 5 463 \1$1001SUN0102973$12001 $aLe *opere 7 463 \1$1001SUN0102974$12001 $aLe *opere 3.1 463 \1$1001SUN0102975$12001 $aLe *opere 3.2 463 \1$1001SUN0102976$12001 $aLe *opere 6 463 \1$1001SUN0102977$12001 $aLe *opere 1 463 \1$1001SUN0102978$12001 $aLe *opere 15 463 \1$1001SUN0103339$12001 $aLe *opere 20 ed ultimo 620 $dFirenze$3SUNL000014 700 1$aGalilei$b, Galileo$3SUNV017868$04160 702 1$aMussolini$b, Benito$3SUNV076748 702 0$aVittorio Emanuele, re d'Italia$3SUNV076749 712 $aBarbera$3SUNV003914$4650 790 1$aMusulini, Binitu$zMussolini, Benito$3SUNV076750 801 $aIT$bSOL$c20181109$gRICA 912 $aSUN0096530 996 $aOpere$9120787 997 $aUNICAMPANIA